000 00368cam a22001217a 4500
008 180718b1947 xxu||||| |||| 00| 0 eng d
082 _aT000 M619
100 _aMillett, John D.
245 _aProcess and organization of government planning
_cby John D. Millett
260 _aNew York
_bColumbia Univeristy Press
_c1947
300 _a187p.
650 _aGovernment planning
999 _c435525
_d435525